000 01031nam a22003137a 4500
003 CHAP
005 20220329134935.0
008 971013s1991 r 00010 d
010 _a28420
011 _a29392
035 _a33503
040 _cCHAP
082 _a581.5222
_bG3
100 0 0 _aGarcía Paris, Julia.
_946425
245 _aIntercambio y difusión de plantas de consumo entre el nuevo y el viejo mundo
260 _aMadrid :
_bMinisterio de Agricultura, Pesca y Alimentación,
_c1991
300 _a293p.
_b: ilus.
590 _aBATCH-UPD
_b10
_c20130110
_lUCH01
_h1204
590 _aBATCH-UPD
_b10
_c20130410
_lUCH01
_h0746
590 _aBATCH-UPD
_b10
_c20130914
_lUCH01
_h0739
590 _aCONVERSION
_b10
_c20130109
_lUCH01
_h1316
650 1 4 _aBotánica económica.
_914655
650 1 4 _aCultivos.
_930221
650 1 4 _aIntroducción de plantas.
_960152
650 1 4 _aPlantas cultivadas
_xHistoria.
_988931
901 _aBK
942 _cLIBRO
949 _a581.5222 G3
_bBC
_cC
_d33724000524757
_eC
_h87741
_i33503
_mD.
_si
999 _c28420
_d28420